Students' conceptions of the second law of thermodynamics-an interpretive study (Record no. 77488)
[ view plain ]
| 000 -CABECERA | |
|---|---|
| campo de control de longitud fija | 00690nam a2200241 a 4500 |
| 005 - FECHA Y HORA DE LA ÚLTIMA TRANSACCIÓN | |
| campo de control | 20210219153447.0 |
| 008 - ELEMENTOS DE LONGITUD FIJA--INFORMACIÓN GENERAL | |
| campo de control de longitud fija | 991125n 000 0 u |
| 035 ## - NÚMERO DE CONTROL DEL SISTEMA | |
| Número de control de sistema | UPN01000101157 |
| 100 ## - ASIENTO PRINCIPAL--NOMBRE PERSONAL | |
| Nombre de persona | Kesidou, Sofia |
| 222 ## - TÍTULO CLAVE | |
| Título clave | JOURNAL OF RESEARCH IN SCIENCE TEACHING |
| 245 ## - MENCIÓN DE TÍTULO | |
| Título | Students' conceptions of the second law of thermodynamics-an interpretive study |
| 300 ## - DESCRIPCIÓN FÍSICA | |
| Extensión | 85-106 |
| 362 ## - FECHAS DE PUBLICACIÓN Y/O DESIGNACIÓN SECUENCIAL | |
| Fecha de publicación y/o designación secuencial | 30, No. 1, 1993 |
| 505 ## - NOTA DE CONTENIDO CON FORMATO PREESTABLECIDO | |
| Nota de contenido con formato | Octubre 1993 |
| 653 0# - TERMINO DE INDIZACION - NO CONTROLADO | |
| Término no controlado | CONCEPTOS ERRONEOS |
| 653 0# - TERMINO DE INDIZACION - NO CONTROLADO | |
| Término no controlado | EDUCACION CIENTIFICA |
| 653 0# - TERMINO DE INDIZACION - NO CONTROLADO | |
| Término no controlado | ESCUELA SECUNDARIA DE CIENCIAS |
| 653 0# - TERMINO DE INDIZACION - NO CONTROLADO | |
| Término no controlado | FISICA |
| 653 0# - TERMINO DE INDIZACION - NO CONTROLADO | |
| Término no controlado | TERMODINAMICA |
| 700 ## - ASIENTO SECUNDARIO--NOMBRE DE PERSONAL | |
| Nombre de persona | Duit, Reinders |
| 904 ## - ELEMENTOS DE DATOS D LOCAL, LDD (RLIN) | |
| a | AC |
| b | 038968 |
| 905 ## - TIPO DE MATERIAL | |
| Tipo de material | Articulo |
No items available.
